000 01144nam2a22003251 4500
001 v19\rc\1800483
005 20250619122349.0
035 _a(NLR Aleph) 004901739
090 _a5382143
_c5382143
100 _a20071130d1907 |||y0rusy50 ca
101 1 _arus
_cger
102 _aRU
105 _ay z |||||
200 0 _aВып. 1
210 _d1907
_aБ. м.
215 _a144 с.
320 _aБиблиогр. в прим.
461 0 _1001v19\rc\1800482
_12001#$aСоциальная история Англии$fГельд$gПер. П. Шутякова. Вып. 1-$vВып. 1
_1700#1$aГельд$bА.$f1844-1880$gАдольф
_95382138
_aГельд, А. (1844-1880)
_cСанкт-Петербург
_d1907
_fГельд
_nтип. Монтвида
_tСоциальная история Англии
_vВып. 1
801 0 _aRU
_bNLR
_gpsbo
801 0 _aRU
_bRuMoRGB
_2psbo
801 1 _aRU
_bProSoft-M
_2rusmarc
852 _aNLR
_j37.24.5.69
899 _aRuMoRGB
_jA 237/625
899 _aRuMoRGB
_jРб 19/675
899 _aБАН
899 _aНБ СПбГУ
899 _aГПИБ
899 _aНБ МГУ
942 _cBOOK
980 _aNB